000
00332nam a2200121Ia 4500
008
240624s9999 xx 000 0 und d
041
_a
eng
082
_a
338.927 MOR
100
_a
MORRIS JULIAN
245
_a
SUSTAINABLE DEVELOPMENT PROMOTING PROGRE
260
_c
2002
_a
London
_b
Profile Books Ltd.
300
_a
ix, : 370 : p. : cm. ; 25
999
_c
3476
_d
3476